Представление документа в формате MARC21

Поле Инд. ПП Название Значение
Тип записи a
Библиографический уровень m
001 Контрольный номер 9c240f5f-45cd-4c89-9980-6a0020e92564
005 Дата корректировки 20180409143554.9
008 Кодируемые данные 051220
020 c Цена, тираж б/ц
040 a Служба первич. каталог. НБ ТвГУ
041 a Код языка текста rus
080 a Индекс УДК 811.161.1'367.623'282.2(470.25)(043.3)
084 a Индекс другой классификации/Индекс ББК Ш141.12-212.2я031
a Индекс другой классификации/Индекс ББК Ш141.12-521я031
090 x Авторский знак Б43
a Полочн. индекс Ш141.12
100 1_ a Автор Белова Татьяна Викторовна
245 10 a Заглавие Прилагательные в языке и речи (деривация прилагательных в народной речи как результат структурно-семантических отношений слов)
b Продолж. заглавия автореф. дис. ... канд. филол. наук : 10.02.01
c Ответственность Псков. гос. пед. ун-т им. С. М. Кирова
260 1_ a Место издания Тверь
c Дата издания 2005
300 a Объем 19 с.
504 a Библиография Библиогр. в конце кн.
583 a Действие Получение впервые 100 27.03.2006
650 a Основная рубрика Русский язык
x Основная подрубрика Говоры псковские
x Основная подрубрика Грамматика
x Основная подрубрика Диалектология
x Основная подрубрика Словообразование
x Основная подрубрика Части речи
650 a Основная рубрика Прилагательное в русском языке
653 a Ключевые слова Авторефераты
a Ключевые слова Грамматика русского языка
a Ключевые слова Диалектология русского языка
a Ключевые слова Прилагательное в русском языке
a Ключевые слова Псковские говоры
a Ключевые слова Русский язык
a Ключевые слова Словообразование
a Ключевые слова Части речи
852 t Порядковый номер экземпляра 2
p Инвентарный номер б/н
856 u URL http://eprints.tversu.ru/1767/
x Примечание для ЭОР Реестр суммарного учета сетевых локальных документов
888 a Бесплатные
930 a Новая/Ретро полный текст
a Новая/Ретро авторефераты
952 p 100.2006 б/ц 2 б/н
c Вид литературы А/Р н
954 a Дата поступления на обработку 20060328
999 a Подразделение 2 ч.з.